Premeny obchodných spoločností z hľadiska zákona o účtovníctve po 1. 3. 2024

Článok sa zaoberá premenami obchodných spoločností a družstiev z hľadiska zákona o účtovníctve. Základné a ďalšie pojmy. Všeobecné zásady postupov pri premene, cezhraničnej premene a zmenách právnej formy podľa zákona o účtovníctve a súvisiacich účtovných predpisov. Príklad – odštiepenie splynutím.

Salvato in:
Dettagli Bibliografici
Autore principale: Turóciová, Jana
Natura: Capitolo di libro
Lingua:slovacco
Soggetti:
Tags: Aggiungi Tag
Nessun Tag, puoi essere il primo ad aggiungerne!!

MARC

LEADER 00000naa a2200000 4500
001 0304722
005 20241022132505.0
041 0 |a slo 
044 |a SK 
245 1 0 |a Premeny obchodných spoločností z hľadiska zákona o účtovníctve po 1. 3. 2024  |c Jana Turóciová 
520 |a Článok sa zaoberá premenami obchodných spoločností a družstiev z hľadiska zákona o účtovníctve. Základné a ďalšie pojmy. Všeobecné zásady postupov pri premene, cezhraničnej premene a zmenách právnej formy podľa zákona o účtovníctve a súvisiacich účtovných predpisov. Príklad – odštiepenie splynutím. 
610 2 0 |a účtovníctvo daňové 
610 2 0 |a účtovníctvo podvojné 
610 2 0 |a spoločnosti obchodné 
610 2 0 |a družstvá 
610 2 0 |a fúzie 
610 2 0 |a rozdelenie podniku 
610 2 0 |a formy organizačno-právne 
610 2 0 |a predpisy právne 
610 2 0 |a zákony 
100 1 |a Turóciová, Jana